Jurisprudencia registral (Record no. 85519)

MARC details
000 -LEADER
campo de control de longitud fija 00973nam a2200205 i 4500
001 - NÚMERO DE CONTROL
campo de control 85519
003 - IDENTIFICADOR DE NÚMERO DE CONTROL
campo de control ES-MaACL
005 - FECHA Y HORA DE LA ÚLTIMA TRANSACCIÓN
campo de control 20250522202343.0
007 - CAMPO FIJO DE DESCRIPCIÓN FÍSICA--INFORMACIÓN GENERAL
campo de control de longitud fija t|
008 - DATOS DE LONGITUD FIJA--INFORMACIÓN GENERAL
campo de control de longitud fija 041128s1967 sp ||||1| spa d
110 0# - ENTRADA PRINCIPAL--NOMBRE DE ENTIDAD CORPORATIVA
Nombre de entidad corporativa o nombre de jurisdicción como elemento de entrada España.
Unidad subordinada Dirección General de los Registros y del Notariado.
9 (RLIN) 3751
245 10 - MENCIÓN DEL TÍTULO
Título Jurisprudencia registral
Resto del título : colección de resoluciones de la Dirección General de los Registros y del Notariado referente a los Registros de la Propiedad y Mercantil, recopiladas, ordenadas y completadas con índices para facilitar su manejo (años 1862-1963).
Número de parte o sección de la obra IX,Años 1951 a 1963.
-- X,
Nombre de parte o sección de la obra Índices /
Mención de responsabilidad, etc. R.Mª Roca Sastre y J. de Molina Juyol.
260 ## - PUBLICACIÓN, DISTRIBUCIÓN, ETC.
Lugar de publicación, distribución, etc. Barcelona :
Nombre del editor, distribuidor, etc. Bosch,
Fecha de publicación, distribución, etc. 1967.
300 ## - DESCRIPCIÓN FÍSICA
Extensión 2 v. ;
Dimensiones 24 cm.
650 #4 - PUNTO DE ACCESO ADICIONAL DE MATERIA--TÉRMINO DE MATERIA
Término de materia o nombre geográfico como elemento de entrada Registro de la propiedad-
Subdivisión geográfica España-
Subdivisión de forma Jurisprudencia.
9 (RLIN) 16763
700 1# - ENTRADA AGREGADA--NOMBRE PERSONAL
Nombre de persona Roca Sastre, Ramón María,
Fechas asociadas al nombre 1899-1979
9 (RLIN) 98011
700 1# - ENTRADA AGREGADA--NOMBRE PERSONAL
Nombre de persona Molina Juyol, J. de.
9 (RLIN) 81944
852 ## - LOCALIZACIÓN
Ubicación ES-MaACL
Número de control de estantería P-370
Sublocalización o colección R.63559
Holdings
Estatus retirado Estado de pérdida Estado de daño No para préstamo Biblioteca de origen Biblioteca actual Ubicación en estantería Fecha de adquisición Fuente de adquisición Total de préstamos Signatura topográfica completa Código de barras Visto por última vez Precio de reemplazo Tipo de ítem Koha
        Biblioteca del Ateneo de Madrid Biblioteca del Ateneo de Madrid Depósito 2 17/01/2008     P-370 1089362 23/02/2023 23/02/2023 Libro impreso